000 00966cam a22002893a 4500
001 28179
003 PGUSA
005 20140828083616.0
008 090224s2009||||xxu|||||s|||||000 1 eng d
040 _aPGUSA
_beng
042 _adc
050 4 _aPZ
100 1 _aRobertson, Margaret M.
_q(Margaret Murray),
_d1821-1897
245 1 4 _aThe Inglises; Or, How the Way Opened
_h[electronic resource] /
_cMargaret M. Robertson
260 _bProject Gutenberg,
_c2009
506 _aPublic domain in the USA.
516 _aElectronic text
653 _aBrothers and sisters -- Juvenile fiction
653 _aParent and child -- Juvenile fiction
653 _aChildren and death -- Juvenile fiction
653 _aChristian life -- Juvenile fiction
653 _aClergy -- Family relationships -- Juvenile fiction
653 _aHeaven -- Juvenile fiction
830 0 _aProject Gutenberg
_v28179
856 4 0 _uhttp://www.gutenberg.org/ebooks/28179
942 _cEB
999 _c257434
_d257434